Etika v public relations

Public relations (PR) - práca s verejnosťou ako jeden zo spôsobov komunikácie. Úlohou je vytvárať v cieľovej verejnosti priaznivý dojem a kladný postoj voči organizácii. Miesto etiky vo sfére PR. Model stratégie uvedenia etiky do podnikových vzťahov. Morálny kódex práce s verejnosťou. 11 hlavných zá...

Full description

Saved in:
Bibliographic Details
Main Author: Lipianska, Júlia
Other Authors: Labská, Helena
Format: Book Chapter
Language:Slovak
Subjects:
Tags: Add Tag
No Tags, Be the first to tag this record!

MARC

LEADER 00000naa$a2200000$$$4500
001 0080615
005 20240502083217.7
041 0 |a slo 
044 |a CZ 
245 1 0 |a Etika v public relations  |c Júlia Lipianska, Helena Labská 
520 |a Public relations (PR) - práca s verejnosťou ako jeden zo spôsobov komunikácie. Úlohou je vytvárať v cieľovej verejnosti priaznivý dojem a kladný postoj voči organizácii. Miesto etiky vo sfére PR. Model stratégie uvedenia etiky do podnikových vzťahov. Morálny kódex práce s verejnosťou. 11 hlavných zásad etiky PR. 
610 2 0 |a etika 
610 2 0 |a práca s verejnosťou 
610 2 0 |a komunikácia masová 
610 2 0 |a etika podniková 
100 1 |a Lipianska, Júlia 
700 1 |a Labská, Helena